Data Analysis and Decision Making/ (Record no. 14914)

000 -LEADER
fixed length control field 00744nam a22002417a 4500
008 - FIXED-LENGTH DATA ELEMENTS--GENERAL INFORMATION
fixed length control field 161011b xxu||||| |||| 00| 0 eng d
020 ## - INTERNATIONAL STANDARD BOOK NUMBER
International Standard Book Number 9780538476126
020 ## - INTERNATIONAL STANDARD BOOK NUMBER
International Standard Book Number 0538476125
050 ## - LIBRARY OF CONGRESS CALL NUMBER
Classification number HD 30.215 .D33 2011
100 ## - MAIN ENTRY--PERSONAL NAME
Personal name Albright, Christian S.
Dates associated with a name 2011
245 ## - TITLE STATEMENT
Title Data Analysis and Decision Making/
Statement of responsibility, etc. S. Christian Albright
250 ## - EDITION STATEMENT
Edition statement 4th ed
260 ## - PUBLICATION, DISTRIBUTION, ETC. (IMPRINT)
Place of publication, distribution, etc. Australia:
Name of publisher, distributor, etc. South-Western,
Date of publication, distribution, etc. 2011.
300 ## - PHYSICAL DESCRIPTION
Extent xvi,1060p.:
Other physical details ill.;
521 ## - TARGET AUDIENCE NOTE
Target audience note Includes References and Index.
700 ## - ADDED ENTRY--PERSONAL NAME
Personal name Wayne L. Winston
700 ## - ADDED ENTRY--PERSONAL NAME
Personal name Christopher J Zappe
700 ## - ADDED ENTRY--PERSONAL NAME
Personal name Mark Broadie
700 ## - ADDED ENTRY--PERSONAL NAME
Personal name Peter Kolester
700 ## - ADDED ENTRY--PERSONAL NAME
Personal name Lawrence L. lapin
700 ## - ADDED ENTRY--PERSONAL NAME
Personal name William D. Whisler
942 ## - ADDED ENTRY ELEMENTS (KOHA)
Source of classification or shelving scheme
Koha item type Hard Covered Materials
Classification part HD 30.215 .D33 2011
Holdings
Withdrawn status Lost status Source of classification or shelving scheme Damaged status Not for loan Home library Current library Shelving location Date acquired Source of acquisition Total Checkouts Full call number Barcode Date last seen Price effective from Koha item type
          MACHAKOS UNIVERSITY LIBRARY MACHAKOS UNIVERSITY LIBRARY Open shelf 11/10/2016 Donation (BFA)   HD 30.215 .D33 2011 25826 07/06/2019 11/10/2016 Hard Covered Materials
© Machakos University Library, Along The Highway, Machakos Wote Rd, Machakos, Kenya P.O. Box 136 - 90100 Machakos - Kenya

Tel: ( +254 ) 723 805829 OR Fax : 044-20353 OR Email: library@mksu.ac.ke